000 00539nam a22002057a 4500
003 MPLRDC
005 20220104143703.0
008 210129b ||||| |||| 00| 0 eng d
020 _a962-14-1770-8
082 _a312.949 XPP v.4
100 _a赖阿福,颜志文编著
245 _a小朋友学上网
_c
250 _a初版
260 _a香港
_b万里机构
_c2000
300 _b
490 _a小朋友学电脑系列
520 _a有CD? 未处理? 叶
650 _a电脑应用及其程式
942 _cBK
_o312.949 XPP v.4
999 _c42351
_d42341